000 00507nam a22001577a 4500
082 _a621.31
_bIKR
100 _aIkram, Usama (401346)
_9132372
245 _aLong Horizon FCS-MPC with Priority Pruned Sphere Decoding Algorithm for Induction Motor Drive /
264 _aIslamabad :
_bUSPCAS-E, NUST
_cOctober, 2025
300 _axv, 53 p.
_e+CD
520 _aTH-695
650 _aMS EEP Thesis
650 _aMS Thesis
_918721
700 _aSupervisor: Dr. Hassan Abdullah Khalid
_9117474
942 _2ddc
_cTHE
999 _c615584
_d615584